00390nam a2200121Ia 4500008004100000245012900041260001700170260000900187300000800196650002300204650001200227856002900239170516s9999 xx 000 0 und d aPhthalocyanine-Aggregated Polymeric Nanoparticles as Tumor-Homing Near-Infrared Absorbers for Photothermal Therapy of Cancer bTheranostics c2012 a2:9 xMedical Technology xMedtech uhttp://www.thno.org/v2i9